000 00522nam a2200169Ia 4500
003 GCL
008 140319s9999 xx 000 0 ara d
040 _aGCL /
_cGCL
082 0 4 _a813.03
_bا م
100 1 _aاحمد زكى ابوشادى
245 1 0 _aمملكة العذارى (هدية من الاديب عبدالفتاح الجمل) /
_cاحمد زكى ابوشادى
490 _aاقرا وارسم
_v0
650 0 4 _aالادب العربى
650 0 4 _aالادب
650 0 4 _aالقصة
942 _2ddc
_cBK
999 _c39881
_d39881